00354pab a2200133 454500008004000000100002400040245005100064260000900115300001500124362001100139650002600150650001000176773003400186180718b2001 xxu||||| |||| 00| 0 eng d aPurkayastha, Gautam aRural indebtedness in Assam: changing scenario c2001 ap.2239-241 a23 Jun aDebts - India - Assam aDebts aEconomic and Political Weekly